000 00514nam a2200205 a 4500
001 BRCA_5060
005 20190320204925.0
008 800416s1955 fr-a######---#000-0#fre-#
041 _afre
044 _afr
050 4 _aN8790
_b.I86 1955
100 1 _aIsnard, Guy
_912907
245 1 0 _aLes Pirates de la Peinture
_cGuy Isnard.
260 _aParís
_bFlammarion
_c1955
300 _a185 p
_bil.
_c22 cm.
500 _aDD27
650 1 4 _aFalsificación de obras de arte
_97762
902 _aGFM
942 _2lcc
_cB
999 _c4754
_d4754